Integrated asset modeling and development optimization of a sector of oil-gas condensate field X; Проблемы геологии и освоения недр; Т. 2

Opis bibliograficzny
Parent link:Проблемы геологии и освоения недр: труды XXIII Международного симпозиума имени академика М. А. Усова студентов и молодых ученых, посвященного 120-летию со дня рождения академика К. И. Сатпаева, 120-летию со дня рождения профессора К. В. Радугина, Томск, 8-12 апреля 2019 г./ Национальный исследовательский Томский политехнический университет, Инженерная школа природных ресурсов ; гл. ред. А. С. Боев ; под ред. Е. Ю. Пасечник.— , 2019
Т. 2.— 2019.— [С. 705-706]
1. autor: Karavsky D. V.
Korporacja: Национальный исследовательский Томский политехнический университет Инженерная школа природных ресурсов Отделение нефтегазового дела
Kolejni autorzy: Polyansky V. A. (научный руководитель), Shishmina L. V. Lyudmila Vsevolodovna, Gusev P. Yu.
Streszczenie:Заглавие с экрана
Język:angielski
Wydane: 2019
Seria:Геология, горное и нефтегазовое дело (доклады на английском и немецком языках)
Hasła przedmiotowe:
Dostęp online:http://earchive.tpu.ru/handle/11683/56420
Format: MixedMaterials Elektroniczne Rozdział
KOHA link:https://koha.lib.tpu.ru/cgi-bin/koha/opac-detail.pl?biblionumber=630216

MARC

LEADER 00000naa2a2200000 4500
001 630216
005 20231101133611.0
035 |a (RuTPU)RU\TPU\conf\31130 
035 |a RU\TPU\conf\31129 
090 |a 630216 
100 |a 20191018d2019 k y0rusy50 ba 
101 0 |a eng 
102 |a RU 
105 |a y z 100zy 
135 |a drgn ---uucaa 
181 0 |a i  
182 0 |a b 
200 1 |a Integrated asset modeling and development optimization of a sector of oil-gas condensate field X  |f D. V. Karavsky, V. A. Polyansky  |g sci. adv. L. V. Shishmina, P. Yu. Gusev 
203 |a Текст  |c электронный 
225 1 |a Геология, горное и нефтегазовое дело (доклады на английском и немецком языках) 
230 |a 1 компьютерный файл (pdf; 295 Kb) 
300 |a Заглавие с экрана 
320 |a [Библиогр.: с. 706 (6 назв.)] 
461 1 |0 (RuTPU)RU\TPU\conf\30471  |t Проблемы геологии и освоения недр  |o труды XXIII Международного симпозиума имени академика М. А. Усова студентов и молодых ученых, посвященного 120-летию со дня рождения академика К. И. Сатпаева, 120-летию со дня рождения профессора К. В. Радугина, Томск, 8-12 апреля 2019 г.  |o в 2 т.  |f Национальный исследовательский Томский политехнический университет, Инженерная школа природных ресурсов ; гл. ред. А. С. Боев ; под ред. Е. Ю. Пасечник  |d 2019 
463 1 |0 (RuTPU)RU\TPU\conf\30475  |t Т. 2  |v [С. 705-706]  |d 2019 
610 1 |a труды учёных ТПУ 
610 1 |a электронный ресурс 
610 1 |a комплексное моделирование 
610 1 |a активы 
610 1 |a оптимизация 
610 1 |a разработки 
610 1 |a нефтегазоконденсатные месторождения 
610 1 |a проницаемость 
610 1 |a пласты 
610 1 |a газовые конденсаты 
610 1 |a Казанское нефтегазоконденсатное месторождение 
700 1 |a Karavsky  |b D. V. 
701 1 |a Polyansky  |b V. A. 
702 1 |a Shishmina  |b L. V.  |c geologist  |c Associate Professor of Tomsk Polytechnic University, Candidate of chemical sciences  |f 1951-  |g Lyudmila Vsevolodovna  |2 stltpush  |4 727 
702 1 |a Gusev  |b P. Yu.  |4 727 
712 0 2 |a Национальный исследовательский Томский политехнический университет  |b Инженерная школа природных ресурсов  |b Отделение нефтегазового дела  |h 8084  |2 stltpush  |3 (RuTPU)RU\TPU\col\23546 
801 2 |a RU  |b 63413507  |c 20191024  |g RCR 
856 4 |u http://earchive.tpu.ru/handle/11683/56420 
942 |c BK